Sborník vědeckých prací Vysoké školy báňské - Technické univerzity Ostrava. Řada hornicko-geologická

Bibliographic Details
Previous Title:Sborník vědeckých prací Vysoké školy báňské v Ostravě
Format: Serial
Language:Czech
English
PhysicalDescription:41 zv. 24 cm
Published: Ostava Vysoká škola báňská - Technická univerzita 1966-2006
ISSN:0474-8476
1802-5412
0474-8468
Subjects:

MARC

LEADER 00000cas a2200000 a 4500
001 vtls001364752
003 SK-MaSNL
005 20260228155742.0
008 180126d19662006xr x 0 0 0cze c
022 |a 0474-8476 
035 |a SNK000318401 
040 |a SNK  |b slo  |c SNK  |e AACR2 
041 0 |a cze  |a eng 
044 |a xr  |c CZ 
072 7 |a 622  |x Baníctvo  |2 konspekt 
080 |a 622  |2 2011 
080 |a (082)  |2 2011 
080 |a 050  |2 2011 
222 0 |a Sborník vědeckých prací Vysoké školy báňské v Ostravě. Řada horncko-geologická 
245 0 0 |a Sborník vědeckých prací Vysoké školy báňské - Technické univerzity Ostrava.  |p Řada hornicko-geologická 
246 1 |a Sborník vědeckých prací Vysoké školy báňské v Ostravě.  |p Řada hornicko-geologická 
246 1 |a Řada hornicko-geologická 
246 3 1 |a Transactions of the VŠB - Technical Univetrsity Ostrava.  |p Mining and geological series 
260 |a Ostava  |b Vysoká škola báňská - Technická univerzita  |c 1966-2006 
300 |a 41 zv.  |c 24 cm 
310 |a Vychádza nepravidelne 
362 0 |a Roč. 12 (1966)-roč. 52 (2006) 
546 |a Text aj v angl. 
650 0 7 |a baníctvo  |2 SNKPH  |9 3571 
655 7 |a zborníky  |2 SNKPH  |9 70165 
776 0 |t Sborník vědeckých prací Vysoké školy báňské-Technické univerzity Ostrava, Řada hornicko-geologická (Online)  |x 1802-5412 
780 0 0 |t Sborník vědeckých prací Vysoké školy báňské v Ostravě  |x 0474-8468 
910 |a snk 
999 |c 424  |d 424 
952 |0 0  |1 1  |4 0  |7 0  |8 5  |a SNK  |b SNK  |d 2001-06-14  |i snkF 933/2001  |l 0  |o snkČC 1167/B/37/1991  |p 17A0303803  |r 2005-01-02 00:00:00  |t č. 2  |w 2026-02-21  |y PREZ